000 00755nas a2200241 4500
001 BR8403573
003 BR-BrBNA
005 20231205085943.0
007 ta
008 230509b bl.|||p| |||| 00| 00por d
040 _aBR-BrBNA
_bpor
_cBiblioteca Nacional de Agricultura
041 _a(Pt)
072 _aL30
100 1 _aMarques Neto, J.
100 1 _aFerreira, J.J.
245 1 _aTratamento de restos de cultura para alimentacao dos ruminantes
650 _aRUMINANTE
650 _aSUBPRODUTO
650 _aRESIDUO
773 0 _tInforme Agropecuario - Empresa de Pesquisa Agropecuaria de Minas Gerais (Brazil)
_xISSN 0100-3364
_g(Nov 1984), v. 10(119) p. 38-43
_wBR8403573
909 _a202311
_bLúcia
_c55
_dLúcia Elande
942 _2AGRIS
_n0
_cANA
999 _c115076
_d115076